[Event "WYCC 2018 G14"]
[Site "Halkidiki"]
[Date "2018.10.29"]
[Round "10"]
[White "Sleurs, Juliette"]
[Black "Galvan Cipriani, Viviana"]
[Result "1/2-1/2"]
[WhiteElo "1812"]
[BlackElo "2109"]
[Annotator "NA"]
[PlyCount "45"]
[EventDate "2018.10.20"]
[EventType "swiss"]
[EventCountry "GRE"]
[SourceTitle "playchess.com"]
[Source "ChessBase"]
[SourceQuality "1"]
[TimeControl "40/5400+30:1800+30"]

1. e4 {[%emt 0:00:00]} c5 {[%emt 0:00:00]} 2. Nf3 {[%emt 0:00:00]} Nc6 {[%emt 0:00:00]} 3. Bb5 {[%emt 0:00:00]} g6 {[%emt 0:00:08]} 4. Bxc6 {[%emt 0:00:00]} bxc6 {[%emt 0:00:06]} 5. O-O {[%emt 0:00:08]} Bg7 {[%emt 0:00:05]} 6. Re1 {[%emt 0:00:08]} Nh6 {[%emt 0:00:04]} 7. c3 {[%emt 0:00:36]} O-O {[%emt 0:00:15]} 8. h3 {[%emt 0:00:44]} f5 {[%emt 0:00:28]} 9. e5 {[%emt 0:01:15]} Nf7 {[%emt 0:00:15]} 10. d4 {[%emt 0:01:08]} cxd4 {[%emt 0:06:35]} 11. cxd4 {[%emt 0:00:24]} c5 {[%emt 0:12:36]} 12. d5 $11 {[%emt 0:07:34] LiveBook: 9 Games} d6 {[%emt 0:00:40]} 13. e6 {[%emt 0:08:41]} Ne5 {[%emt 0:00:18]} 14. Nxe5 {[%emt 0:04:38]} dxe5 {[%emt 0:00:44]} 15. Nc3 {[%emt 0:04:25]} Rb8 {[%emt 0:06:49]} 16. Na4 {[%emt 0:08:51]} Rb4 {[%emt 0:08:10]} 17. Be3 {[%emt 0:07:49]} c4 {[%emt 0:04:25]} 18. Bc5 {[%emt 0:17:38]} Rb5 {[%emt 0:07:37]} 19. d6 {[%emt 0:03:39]} exd6 {[%emt 0:00:14]} 20. e7 {[%emt 0:02:14]} Qxe7 {[%emt 0:01:34]} 21. Bxd6 {[%emt 0:00:22]} Qf7 {[%emt 0:05:38]} 22. Bxf8 {[%emt 0:00:22]} Qxf8 {[%emt 0:00:06]} 23. Qe2 {[%emt 0:02:34]} 1/2-1/2

[Event "WYCC 2018 G14"]
[Site "Halkidiki"]
[Date "2018.10.29"]
[Round "10"]
[White "Jaufarally, Nadia"]
[Black "Toncheva, Nadya"]
[Result "1-0"]
[WhiteElo "1810"]
[BlackElo "2002"]
[Annotator "NA"]
[PlyCount "123"]
[EventDate "2018.10.20"]
[EventType "swiss"]
[EventCountry "GRE"]
[SourceTitle "playchess.com"]
[Source "ChessBase"]
[SourceQuality "1"]
[TimeControl "40/5400+30:1800+30"]

1. e4 {[%emt 0:00:00]} c5 {[%emt 0:00:00]} 2. Nf3 {[%emt 0:00:00]} e6 {[%emt 0:00:00]} 3. d3 {[%emt 0:00:01]} Nc6 {[%emt 0:00:05]} 4. g3 {[%emt 0:00:42]} g6 {[%emt 0:00:41]} 5. Bg2 {[%emt 0:02:37]} Bg7 {[%emt 0:00:09]} 6. h4 {[%emt 0:02:01]} Nge7 {[%emt 0:00:23]} 7. c3 {[%emt 0:02:23]} d5 {[%emt 0:01:17]} 8. Qe2 {[%emt 0:03:31]} O-O {[%emt 0:02:17]} 9. h5 {[%emt 0:06:26]} b6 {[%emt 0:02:30]} 10. hxg6 {[%emt 0:04:31]} hxg6 {[%emt 0:00:10]} 11. Na3 {[%emt 0:08:56]} Bb7 {[%emt 0:04:02]} 12. Bd2 {[%emt 0:04:12]} a6 {[%emt 0:02:25]} 13. O-O-O {[%emt 0:04:03]} d4 {[%emt 0:00:11]} 14. Bh6 {[%emt 0:11:13]} dxc3 {[%emt 0:01:22]} 15. Qe3 {[%emt 0:04:05]} cxb2+ {[%emt 0:02:19]} 16. Kb1 {[%emt 0:00:09]} f6 {[%emt 0:00:33]} 17. Nc4 {[%emt 0:18:30]} Nd4 {[%emt 0:03:34]} 18. Bxg7 $18 {[%emt 0:06:14]} Kxg7 {[%emt 0:00:06]} 19. Nxd4 {[%emt 0:06:05]} cxd4 {[%emt 0:00:34]} 20. Qh6+ {[%emt 0:00:22]} Kf7 {[%emt 0:00:04]} 21. e5 {[%emt 0:01:13]} Rh8 {[%emt 0:18:22]} 22. Qxh8 {[%emt 0:05:35]} Qxh8 {[%emt 0:00:04]} 23. Rxh8 {[%emt 0:00:05]} Bxg2 {[%emt 0:03:47]} 24. Nd6+ {[%emt 0:02:20]} Kg7 {[%emt 0:00:05]} 25. Rxa8 {[%emt 0:00:06]} Bxa8 {[%emt 0:00:06]} 26. Ne8+ {[%emt 0:00:17]} Kf7 {[%emt 0:00:19]} 27. Nxf6 {[%emt 0:00:34]} Bf3 {[%emt 0:00:20]} 28. Re1 {[%emt 0:01:15]} Nc6 {[%emt 0:00:16]} 29. Ne4 {[%emt 0:00:49]} Ke7 {[%emt 0:01:08]} 30. Ng5 {[%emt 0:00:47]} Bd5 {[%emt 0:00:06]} 31. a3 {[%emt 0:00:28]} b5 {[%emt 0:04:03]} 32. Kxb2 {[%emt 0:00:26]} b4 {[%emt 0:00:22]} 33. Nh3 {[%emt 0:00:32]} Bf3 {[%emt 0:00:20]} 34. Ng5 {[%emt 0:02:12]} Bd5 {[%emt 0:00:06]} 35. f4 {[%emt 0:00:18]} a5 {[%emt 0:00:15]} 36. Re2 {[%emt 0:01:59]} bxa3+ {[%emt 0:01:38]} 37. Kxa3 {[%emt 0:00:06]} Nb4 {[%emt 0:00:03]} 38. Rd2 {[%emt 0:00:15]} Bc6 {[%emt 0:00:21]} 39. Ne4 {[%emt 0:01:11]} Bb5 {[%emt 0:04:07]} 40. Nc5 {[%emt 0:00:00]} Kf7 {[%emt 0:00:00]} 41. Nb7 {[%emt 0:05:48]} Ba6 {[%emt 0:04:24]} 42. Nd6+ {[%emt 0:04:19]} Kg7 {[%emt 0:00:25]} 43. Ka4 {[%emt 0:01:01]} Nxd3 {[%emt 0:03:32]} 44. Kxa5 {[%emt 0:00:24]} Nc5 {[%emt 0:00:03]} 45. Kb4 {[%emt 0:03:10]} Nd3+ {[%emt 0:01:17]} 46. Ka3 {[%emt 0:03:42]} g5 {[%emt 0:01:42]} 47. Ne8+ {[%emt 0:00:52]} Kf7 {[%emt 0:00:03]} 48. Nc7 {[%emt 0:00:33]} Bc4 {[%emt 0:00:03]} 49. Rc2 {[%emt 0:00:31]} Bd5 {[%emt 0:01:49]} 50. Nxd5 {[%emt 0:00:06]} exd5 {[%emt 0:00:06]} 51. Rd2 {[%emt 0:01:05]} Ne1 {[%emt 0:00:05]} 52. Kb4 {[%emt 0:01:51]} gxf4 {[%emt 0:00:24]} 53. gxf4 {[%emt 0:00:08]} Ke6 {[%emt 0:01:06]} 54. Rxd4 {[%emt 0:00:43]} Nc2+ {[%emt 0:01:19]} 55. Kc5 {[%emt 0:00:06]} Ne3 {[%emt 0:00:05]} 56. Rd3 {[%emt 0:01:25]} Ng2 {[%emt 0:00:14]} 57. Rf3 {[%emt 0:00:25]} Nh4 {[%emt 0:00:49]} 58. Rh3 {[%emt 0:00:22]} Ng2 {[%emt 0:00:06]} 59. Rh6+ {[%emt 0:00:32]} Kf5 {[%emt 0:00:07]} 60. Rf6+ {[%emt 0:02:21]} Ke4 {[%emt 0:00:04]} 61. e6 {[%emt 0:00:13]} Nxf4 {[%emt 0:00:06]} 62. Rxf4+ {[%emt 0:00:05]} 1-0

[Event "WYCC 2018 G14"]
[Site "Halkidiki"]
[Date "2018.10.29"]
[Round "10"]
[White "Zeliantsova, Kseniya"]
[Black "Wikar, Martyna"]
[Result "0-1"]
[WhiteElo "1804"]
[BlackElo "2024"]
[Annotator "NA"]
[PlyCount "72"]
[EventDate "2018.10.20"]
[EventType "swiss"]
[EventCountry "GRE"]
[SourceTitle "playchess.com"]
[Source "ChessBase"]
[SourceQuality "1"]
[TimeControl "40/5400+30:1800+30"]

1. e4 {[%emt 0:00:00]} c6 {[%emt 0:00:00]} 2. Nf3 {[%emt 0:00:00]} d5 {[%emt 0:00:14]} 3. Nc3 {[%emt 0:00:00]} dxe4 {[%emt 0:01:46]} 4. Nxe4 {[%emt 0:00:00]} Nf6 {[%emt 0:01:08]} 5. Nxf6+ {[%emt 0:05:28]} gxf6 {[%emt 0:00:08]} 6. d4 {[%emt 0:00:18]} Bf5 {[%emt 0:00:30]} 7. Bf4 {[%emt 0:03:25]} Nd7 {[%emt 0:01:57]} 8. Qd2 {[%emt 0:02:33]} Nb6 {[%emt 0:01:18]} 9. c4 {[%emt 0:02:47]} e6 {[%emt 0:03:40]} 10. Nh4 {[%emt 0:18:49]} Bg6 {[%emt 0:02:13]} 11. Nxg6 {[%emt 0:00:23]} hxg6 {[%emt 0:00:15]} 12. O-O-O {[%emt 0:02:38]} Qd7 {[%emt 0:00:40]} 13. Be2 {[%emt 0:04:26]} Be7 {[%emt 0:04:40]} 14. h4 {[%emt 0:02:36]} a5 {[%emt 0:04:17]} 15. Qe3 {[%emt 0:05:10]} Nc8 {[%emt 0:09:13]} 16. g4 {[%emt 0:03:58]} Nd6 {[%emt 0:03:45]} 17. Kb1 {[%emt 0:09:30]} a4 {[%emt 0:10:04]} 18. c5 {[%emt 0:03:38]} Nb5 {[%emt 0:05:01]} 19. h5 {[%emt 0:00:26]} g5 {[%emt 0:01:32]} 20. Bg3 {[%emt 0:00:09]} Rd8 {[%emt 0:12:29]} 21. Bxb5 {[%emt 0:01:53]} cxb5 {[%emt 0:00:05]} 22. d5 {[%emt 0:02:55]} exd5 {[%emt 0:04:39]} 23. Rhe1 {[%emt 0:00:06]} Kf8 {[%emt 0:01:55]} 24. f4 {[%emt 0:05:52]} d4 {[%emt 0:02:43]} 25. Qf3 {[%emt 0:00:41]} Qd5 {[%emt 0:03:06]} 26. Re4 {[%emt 0:04:57]} f5 {[%emt 0:02:51]} 27. gxf5 {[%emt 0:00:45]} Qxf5 {[%emt 0:00:22]} 28. Ka1 {[%emt 0:00:06]} g4 {[%emt 0:00:55]} 29. Qe2 {[%emt 0:01:04]} d3 {[%emt 0:01:37]} 30. Rxd3 {[%emt 0:01:13]} Rxd3 {[%emt 0:00:11]} 31. Qxd3 {[%emt 0:00:08]} Rxh5 {[%emt 0:02:28]} 32. a3 {[%emt 0:07:14]} Qxc5 {[%emt 0:02:29]} 33. Qd7 {[%emt 0:02:01]} Rd5 {[%emt 0:02:28]} 34. Qxb7 {[%emt 0:00:27]} Rd1+ {[%emt 0:01:07]} 35. Ka2 {[%emt 0:00:04]} Bf6 {[%emt 0:02:49]} 36. Rb4 {[%emt 0:01:39]} Qc1 {[%emt 0:02:01]} 0-1

[Event "WYCC 2018 G14"]
[Site "Halkidiki"]
[Date "2018.10.29"]
[Round "10"]
[White "Somton, Anita"]
[Black "Ruzic, Pia Marie"]
[Result "1-0"]
[WhiteElo "1787"]
[BlackElo "1691"]
[Annotator "NA"]
[PlyCount "63"]
[EventDate "2018.10.20"]
[EventType "swiss"]
[EventCountry "GRE"]
[SourceTitle "playchess.com"]
[Source "ChessBase"]
[SourceQuality "1"]
[TimeControl "40/5400+30:1800+30"]

1. e4 {[%emt 0:00:00]} e6 {[%emt 0:00:00]} 2. d4 {[%emt 0:00:00]} d5 {[%emt 0:00:00]} 3. Nc3 {[%emt 0:00:20]} Bb4 {[%emt 0:00:00]} 4. exd5 {[%emt 0:01:32]} exd5 {[%emt 0:00:25]} 5. Bd3 {[%emt 0:00:59]} Nc6 {[%emt 0:02:20]} 6. Nge2 {[%emt 0:02:16]} Nge7 {[%emt 0:00:11]} 7. a3 {[%emt 0:01:12]} Bxc3+ {[%emt 0:02:37]} 8. bxc3 {[%emt 0:00:29]} Bf5 {[%emt 0:00:18]} 9. Ng3 {[%emt 0:01:35]} Bxd3 {[%emt 0:01:30]} 10. cxd3 {[%emt 0:00:59]} O-O {[%emt 0:12:04]} 11. O-O {[%emt 0:02:39]} Qc8 {[%emt 0:03:26]} 12. Rb1 {[%emt 0:05:08]} b6 {[%emt 0:03:32]} 13. Qf3 {[%emt 0:06:06]} Nd8 {[%emt 0:01:45]} 14. c4 {[%emt 0:03:28]} Ne6 {[%emt 0:08:51]} 15. Bb2 {[%emt 0:04:04]} Qd7 {[%emt 0:00:52]} 16. Rfd1 {[%emt 0:05:11]} h6 {[%emt 0:02:37]} 17. c5 {[%emt 0:11:18]} bxc5 {[%emt 0:04:02]} 18. dxc5 {[%emt 0:01:08]} Nxc5 {[%emt 0:00:16]} 19. Bxg7 {[%emt 0:05:04]} Qd6 {[%emt 0:05:29]} 20. Bxf8 {[%emt 0:01:33]} Rxf8 {[%emt 0:00:08]} 21. Rb4 {[%emt 0:02:06]} Kh7 {[%emt 0:04:19]} 22. Rg4 {[%emt 0:04:13]} Nd7 {[%emt 0:01:30]} 23. d4 {[%emt 0:03:00]} Nf6 {[%emt 0:00:53]} 24. Rf4 {[%emt 0:00:30]} Nfg8 {[%emt 0:00:59]} 25. Rxf7+ {[%emt 0:04:30]} Rxf7 {[%emt 0:00:05]} 26. Qxf7+ {[%emt 0:00:05]} Kh8 {[%emt 0:00:05]} 27. Nh5 {[%emt 0:00:45]} Qg6 {[%emt 0:00:09]} 28. Qxg6 {[%emt 0:00:09]} Nxg6 {[%emt 0:00:01]} 29. Rc1 {[%emt 0:00:41]} N6e7 {[%emt 0:00:47]} 30. Rxc7 {[%emt 0:00:22]} Nf5 {[%emt 0:00:18]} 31. Nf4 {[%emt 0:01:31]} Nge7 {[%emt 0:00:34]} 32. g4 {[%emt 0:01:41]} 1-0

[Event "WYCC 2018 G14"]
[Site "Halkidiki"]
[Date "2018.10.29"]
[Round "10"]
[White "Murzina, Agata"]
[Black "Rodriguez Redondo, Adhara"]
[Result "0-1"]
[WhiteElo "1768"]
[BlackElo "1911"]
[Annotator "NA"]
[PlyCount "114"]
[EventDate "2018.10.20"]
[EventType "swiss"]
[EventCountry "GRE"]
[SourceTitle "playchess.com"]
[Source "ChessBase"]
[SourceQuality "1"]
[TimeControl "40/5400+30:1800+30"]

1. e4 {[%emt 0:01:43]} e5 {[%emt 0:00:00]} 2. Nf3 {[%emt 0:00:04]} Nc6 {[%emt 0:00:00]} 3. Bc4 {[%emt 0:00:06]} Bc5 {[%emt 0:00:00]} 4. d3 {[%emt 0:00:14]} Nf6 {[%emt 0:00:00]} 5. Nc3 {[%emt 0:00:06]} d6 {[%emt 0:00:18]} 6. h3 {[%emt 0:00:48]} a6 {[%emt 0:01:25]} 7. a4 {[%emt 0:00:08]} h6 {[%emt 0:01:10]} 8. Nd5 {[%emt 0:00:21]} Ba7 {[%emt 0:03:44]} 9. O-O {[%emt 0:12:32]} Be6 {[%emt 0:04:20]} 10. Nxf6+ {[%emt 0:04:06]} Qxf6 {[%emt 0:00:23]} 11. Bxe6 {[%emt 0:00:09]} fxe6 {[%emt 0:01:00]} 12. c3 {[%emt 0:07:29]} g5 {[%emt 0:08:08]} 13. b4 {[%emt 0:01:49]} Ne7 {[%emt 0:01:48]} 14. Be3 {[%emt 0:15:39]} Ng6 {[%emt 0:05:59]} 15. g3 {[%emt 0:07:28]} Rg8 {[%emt 0:06:44]} 16. Nh2 {[%emt 0:05:48]} Qg7 {[%emt 0:07:54]} 17. Qh5 {[%emt 0:05:16]} Kd7 {[%emt 0:03:56]} 18. Ng4 {[%emt 0:01:57]} Rh8 {[%emt 0:02:08]} 19. b5 {[%emt 0:01:05]} a5 {[%emt 0:01:45]} 20. Rab1 {[%emt 0:01:52]} Bb6 {[%emt 0:01:41]} 21. Rfd1 {[%emt 0:04:46]} Raf8 {[%emt 0:03:27]} 22. Bxb6 {[%emt 0:00:16]} cxb6 {[%emt 0:00:07]} 23. d4 {[%emt 0:00:10]} Kc7 {[%emt 0:07:33]} 24. Rd3 {[%emt 0:01:14]} exd4 {[%emt 0:01:43]} 25. cxd4 {[%emt 0:06:59]} Kb8 {[%emt 0:03:57]} 26. Rc1 Rf7 27. d5 {[%emt 0:02:48]} e5 {[%emt 0:05:00]} 28. Rdc3 {[%emt 0:00:55]} Rhf8 {[%emt 0:07:58]} 29. R1c2 {[%emt 0:00:17]} Rh8 {[%emt 0:02:41]} 30. Ne3 {[%emt 0:00:36]} Qf6 {[%emt 0:02:04]} 31. Nf5 {[%emt 0:00:32]} Rfh7 {[%emt 0:05:41]} 32. Rf3 {[%emt 0:05:46]} Rg8 {[%emt 0:01:03]} 33. Kf1 {[%emt 0:03:00]} Rf8 {[%emt 0:07:32]} 34. Rcc3 {[%emt 0:00:54]} Rg8 {[%emt 0:02:09]} 35. Ke1 {[%emt 0:01:49]} Qd8 {[%emt 0:02:59]} 36. Nxh6 {[%emt 0:01:31]} Rgg7 {[%emt 0:00:52]} 37. Rf5 {[%emt 0:06:58]} Qh8 {[%emt 0:00:30]} 38. Rf6 {[%emt 0:00:37]} Rxh6 {[%emt 0:00:30]} 39. Qxg5 {[%emt 0:00:02]} Rh5 {[%emt 0:00:44]} 40. Qg4 {[%emt 0:00:00]} Nf4 {[%emt 0:00:00]} 41. Qf3 {[%emt 0:05:39]} Rxh3 {[%emt 0:08:02]} 42. Rxd6 {[%emt 0:00:18]} Qf8 {[%emt 0:03:44]} 43. Rxb6 {[%emt 0:00:12]} Qb4 {[%emt 0:05:55]} 44. Kd2 {[%emt 0:03:55]} Qd4+ {[%emt 0:00:20]} 45. Kc2 {[%emt 0:00:06]} Qxb6 {[%emt 0:00:09]} 46. Kb3 {[%emt 0:00:32]} Rc7 {[%emt 0:01:42]} 47. Rxc7 {[%emt 0:00:42]} Qxc7 {[%emt 0:00:05]} 48. Qg4 {[%emt 0:00:10]} Qc5 {[%emt 0:01:53]} 49. Qg8+ {[%emt 0:00:12]} Ka7 {[%emt 0:00:10]} 50. Qd8 {[%emt 0:00:19]} Qb4+ {[%emt 0:00:42]} 51. Kc2 {[%emt 0:00:04]} Qxa4+ {[%emt 0:00:00]} 52. Kd2 {[%emt 0:00:25]} Qb4+ {[%emt 0:00:56]} 53. Kd1 {[%emt 0:00:10]} Rh1+ {[%emt 0:00:06]} 54. Kc2 {[%emt 0:00:03]} Qb1+ {[%emt 0:00:09]} 55. Kc3 {[%emt 0:00:07]} Rc1+ {[%emt 0:00:06]} 56. Kd2 {[%emt 0:00:02]} Qc2+ {[%emt 0:00:12]} 57. Ke3 {[%emt 0:00:05]} Qd3# {[%emt 0:00:04] Kd4} 0-1

[Event "WYCC 2018 G14"]
[Site "Halkidiki"]
[Date "2018.10.29"]
[Round "10"]
[White "Gabbani, Sara"]
[Black "Woods, Charisse"]
[Result "1-0"]
[WhiteElo "1764"]
[BlackElo "1511"]
[Annotator "NA"]
[PlyCount "65"]
[EventDate "2018.10.20"]
[EventType "swiss"]
[EventCountry "GRE"]
[SourceTitle "playchess.com"]
[Source "ChessBase"]
[SourceQuality "1"]
[TimeControl "40/5400+30:1800+30"]

1. e4 {[%emt 0:00:00]} c5 {[%emt 0:00:00]} 2. Nc3 {[%emt 0:00:00]} Nc6 {[%emt 0:00:00]} 3. g3 {[%emt 0:00:00]} g6 {[%emt 0:00:00]} 4. Nge2 {[%emt 0:00:45]} Bg7 {[%emt 0:00:05]} 5. Bg2 {[%emt 0:00:54]} d6 {[%emt 0:00:33]} 6. d3 {[%emt 0:01:06]} Nf6 {[%emt 0:00:43]} 7. h3 {[%emt 0:01:48]} O-O {[%emt 0:00:37]} 8. Be3 {[%emt 0:01:11]} a6 {[%emt 0:00:56]} 9. Qd2 {[%emt 0:03:20]} Rb8 {[%emt 0:00:48]} 10. Bh6 {[%emt 0:01:28]} b5 {[%emt 0:01:32]} 11. Bxg7 {[%emt 0:04:06]} Kxg7 {[%emt 0:00:06]} 12. f4 {[%emt 0:05:08]} b4 {[%emt 0:01:51]} 13. Nd1 {[%emt 0:01:47]} Bb7 {[%emt 0:00:30]} 14. O-O {[%emt 0:04:20]} e6 {[%emt 0:02:17]} 15. Ne3 {[%emt 0:05:21]} d5 {[%emt 0:03:44]} 16. e5 {[%emt 0:01:52]} Ne8 {[%emt 0:00:16]} 17. d4 {[%emt 0:01:17]} c4 {[%emt 0:00:58]} 18. c3 {[%emt 0:02:30]} a5 {[%emt 0:00:33]} 19. b3 {[%emt 0:03:08]} cxb3 {[%emt 0:02:28]} 20. axb3 {[%emt 0:00:16]} Qb6 {[%emt 0:01:13]} 21. c4 {[%emt 0:02:16]} dxc4 {[%emt 0:01:09]} 22. Nxc4 {[%emt 0:01:04]} Qb5 {[%emt 0:02:18]} 23. Kh2 {[%emt 0:04:29]} Ra8 {[%emt 0:02:05]} 24. d5 {[%emt 0:09:31]} exd5 {[%emt 0:02:11]} 25. Qxd5 {[%emt 0:01:34]} Qa6 {[%emt 0:01:09]} 26. g4 {[%emt 0:06:43]} Nc7 {[%emt 0:04:14]} 27. Qd2 {[%emt 0:02:09]} Nb5 {[%emt 0:03:27]} 28. f5 {[%emt 0:03:08]} Rfd8 {[%emt 0:03:37]} 29. f6+ {[%emt 0:00:27]} Kh8 {[%emt 0:00:19]} 30. Qh6 {[%emt 0:00:27]} Rg8 {[%emt 0:00:08]} 31. Rfd1 {[%emt 0:02:07]} Bc8 {[%emt 0:05:53]} 32. Bxc6 {[%emt 0:03:44]} Qxc6 {[%emt 0:00:12]} 33. Rd8 {[%emt 0:00:11]} 1-0

[Event "WYCC 2018 G14"]
[Site "Halkidiki"]
[Date "2018.10.29"]
[Round "10"]
[White "Kurmangaliyeva, Liya"]
[Black "Obada, Ema"]
[Result "1/2-1/2"]
[WhiteElo "1733"]
[BlackElo "1811"]
[Annotator "NA"]
[PlyCount "128"]
[EventDate "2018.10.20"]
[EventType "swiss"]
[EventCountry "GRE"]
[SourceTitle "playchess.com"]
[Source "ChessBase"]
[SourceQuality "1"]
[TimeControl "40/5400+30:1800+30"]

1. e4 {[%emt 0:00:00]} e6 {[%emt 0:00:00]} 2. d4 {[%emt 0:00:00]} d5 {[%emt 0:00:00]} 3. Nc3 {[%emt 0:00:00]} Bb4 {[%emt 0:00:00]} 4. exd5 {[%emt 0:00:13]} exd5 {[%emt 0:00:00]} 5. Bd3 {[%emt 0:00:06]} Nc6 {[%emt 0:00:07]} 6. a3 {[%emt 0:00:06]} Bxc3+ {[%emt 0:00:07]} 7. bxc3 {[%emt 0:00:07]} Nge7 {[%emt 0:00:07]} 8. Qh5 {[%emt 0:02:19]} Be6 {[%emt 0:00:29]} 9. Nf3 {[%emt 0:09:53]} Qd7 {[%emt 0:00:52]} 10. Ng5 {[%emt 0:08:16]} O-O-O {[%emt 0:02:01]} 11. Nxe6 {[%emt 0:04:10]} Qxe6+ {[%emt 0:00:12]} 12. Be3 {[%emt 0:00:53]} g6 {[%emt 0:01:05]} 13. Qf3 {[%emt 0:00:14]} Nf5 {[%emt 0:01:54]} 14. O-O {[%emt 0:05:49]} Rhe8 {[%emt 0:16:07]} 15. Bd2 {[%emt 0:09:27]} Nd6 {[%emt 0:07:33]} 16. Rfe1 {[%emt 0:17:14]} Ne4 {[%emt 0:00:19]} 17. Bxe4 {[%emt 0:00:31]} dxe4 {[%emt 0:00:07]} 18. Qe2 {[%emt 0:00:39]} Na5 {[%emt 0:11:34]} 19. Rab1 {[%emt 0:05:28]} Qc4 {[%emt 0:02:37]} 20. Qg4+ {[%emt 0:07:04]} f5 {[%emt 0:00:13]} 21. Qh3 {[%emt 0:00:21]} Rd7 {[%emt 0:04:01]} 22. Bf4 {[%emt 0:10:35]} Qc6 {[%emt 0:08:54]} 23. Qe3 {[%emt 0:05:16]} b6 {[%emt 0:05:23]} 24. Rb4 {[%emt 0:01:42]} Kb7 {[%emt 0:04:11]} 25. a4 {[%emt 0:01:48]} g5 {[%emt 0:11:01]} 26. Bxg5 {[%emt 0:01:59]} Rg8 {[%emt 0:00:04]} 27. Bf4 {[%emt 0:00:13]} Nc4 {[%emt 0:02:25]} 28. Qh3 {[%emt 0:01:20]} Rdg7 {[%emt 0:01:40]} 29. g3 {[%emt 0:00:19]} a5 {[%emt 0:09:09]} 30. Rb5 {[%emt 0:01:37]} Na3 {[%emt 0:00:22]} 31. Rxf5 {[%emt 0:01:19]} Nxc2 {[%emt 0:00:16]} 32. Rb1 {[%emt 0:02:03]} Qxc3 {[%emt 0:01:42]} 33. Be5 {[%emt 0:01:18]} Re7 {[%emt 0:01:50]} 34. Qh4 {[%emt 0:00:50]} e3 {[%emt 0:02:27]} 35. Qe4+ {[%emt 0:01:12]} Ka7 {[%emt 0:00:39]} 36. fxe3 {[%emt 0:01:12]} Qxe3+ {[%emt 0:00:30]} 37. Qxe3 {[%emt 0:00:04]} Nxe3 {[%emt 0:00:04]} 38. Rf3 {[%emt 0:01:11]} Nc4 {[%emt 0:02:03]} 39. Rc3 {[%emt 0:00:33]} Nxe5 {[%emt 0:00:29]} 40. dxe5 {[%emt 0:00:00]} Kb7 {[%emt 0:00:00]} 41. Re3 {[%emt 0:03:42]} Rg4 {[%emt 0:02:25]} 42. Ra1 {[%emt 0:02:29]} c5 {[%emt 0:00:05]} 43. Kf2 {[%emt 0:03:33]} Kc6 {[%emt 0:00:05]} 44. Kf3 {[%emt 0:01:22]} Rd4 {[%emt 0:00:15]} 45. Re4 {[%emt 0:02:37]} Kd5 {[%emt 0:03:30]} 46. Rxd4+ {[%emt 0:01:26]} Kxd4 {[%emt 0:00:33]} 47. Rb1 {[%emt 0:00:55]} Rxe5 {[%emt 0:00:20]} 48. Rxb6 {[%emt 0:00:06]} c4 {[%emt 0:00:30]} 49. Rd6+ {[%emt 0:05:45]} Kc3 {[%emt 0:00:46]} 50. Rh6 {[%emt 0:03:52]} Kb2 {[%emt 0:00:29]} 51. Rxh7 {[%emt 0:01:22]} c3 {[%emt 0:00:43]} 52. Rb7+ {[%emt 0:01:20]} Ka3 {[%emt 0:01:44]} 53. Rc7 {[%emt 0:00:16]} Kb3 {[%emt 0:04:18]} 54. g4 {[%emt 0:00:56]} c2 {[%emt 0:00:23]} 55. h4 {[%emt 0:01:10]} Re1 {[%emt 0:00:26]} 56. g5 {[%emt 0:03:02]} c1=Q {[%emt 0:00:06]} 57. Rxc1 {[%emt 0:00:03]} Rxc1 {[%emt 0:00:03]} 58. h5 {[%emt 0:00:16]} Rh1 {[%emt 0:00:18]} 59. Kg4 {[%emt 0:00:21]} Kxa4 {[%emt 0:00:05]} 60. g6 {[%emt 0:01:06]} Kb5 {[%emt 0:00:15]} 61. Kf4 {[%emt 0:00:49]} a4 {[%emt 0:06:48]} 62. g7 {[%emt 0:00:23]} Rg1 {[%emt 0:00:02]} 63. h6 {[%emt 0:00:08]} a3 {[%emt 0:00:07]} 64. h7 {[%emt 0:00:13]} a2 {[%emt 0:00:19]} 1/2-1/2

[Event "WYCC 2018 G14"]
[Site "Halkidiki"]
[Date "2018.10.29"]
[Round "10"]
[White "Yedigaryan, Asya"]
[Black "Kong, Sydney"]
[Result "1-0"]
[WhiteElo "1726"]
[BlackElo "1659"]
[Annotator "NA"]
[PlyCount "73"]
[EventDate "2018.10.20"]
[EventType "swiss"]
[EventCountry "GRE"]
[SourceTitle "playchess.com"]
[Source "ChessBase"]
[SourceQuality "1"]
[TimeControl "40/5400+30:1800+30"]

1. c4 {[%emt 0:00:00]} c6 {[%emt 0:00:00]} 2. Nc3 {[%emt 0:00:00]} Nf6 {[%emt 0:00:00]} 3. g3 {[%emt 0:00:00]} d5 {[%emt 0:01:46]} 4. cxd5 {[%emt 0:00:06]} Nxd5 {[%emt 0:00:12]} 5. Bg2 {[%emt 0:00:36]} e6 {[%emt 0:02:18]} 6. e3 {[%emt 0:02:11]} Nd7 {[%emt 0:07:20]} 7. Nge2 {[%emt 0:04:40]} Be7 {[%emt 0:07:22]} 8. O-O {[%emt 0:00:51]} O-O {[%emt 0:01:32]} 9. d4 {[%emt 0:00:23]} N7f6 {[%emt 0:01:56]} 10. e4 {[%emt 0:03:05]} Nc7 {[%emt 0:06:12]} 11. Qb3 {[%emt 0:08:48]} b6 {[%emt 0:05:31]} 12. Rd1 {[%emt 0:02:43]} Bb7 {[%emt 0:02:13]} 13. Nf4 {[%emt 0:01:51]} Qc8 {[%emt 0:04:02]} 14. h3 {[%emt 0:08:28]} Rd8 {[%emt 0:03:39]} 15. Be3 {[%emt 0:00:15]} h6 {[%emt 0:04:38]} 16. Rd2 {[%emt 0:03:40]} Rb8 {[%emt 0:05:59]} 17. Rad1 h5 18. e5 {[%emt 0:13:09]} Nfd5 {[%emt 0:09:01]} 19. Nxh5 {[%emt 0:00:28]} Nxe3 {[%emt 0:02:45]} 20. fxe3 {[%emt 0:00:10]} c5 {[%emt 0:01:30]} 21. Nf4 {[%emt 0:07:48]} g5 {[%emt 0:05:20]} 22. Nh5 {[%emt 0:02:57]} Nd5 {[%emt 0:03:15]} 23. Nxd5 {[%emt 0:05:03]} Bxd5 {[%emt 0:00:24]} 24. Bxd5 {[%emt 0:03:12]} Rxd5 {[%emt 0:03:06]} 25. Kh2 {[%emt 0:07:05]} cxd4 {[%emt 0:04:55]} 26. exd4 {[%emt 0:01:57]} Qd7 {[%emt 0:00:39]} 27. Qe3 {[%emt 0:01:11]} Qe8 {[%emt 0:07:25]} 28. Rf1 {[%emt 0:00:34]} Qb5 {[%emt 0:01:36]} 29. Rdf2 {[%emt 0:02:43]} Rf8 {[%emt 0:00:10]} 30. Nf6+ {[%emt 0:01:17]} Kh8 {[%emt 0:03:19]} 31. Qxg5 {[%emt 0:00:34]} Bxf6 {[%emt 0:00:18]} 32. Rxf6 {[%emt 0:00:34]} Qe2+ {[%emt 0:02:13]} 33. R1f2 {[%emt 0:00:05]} Qe4 {[%emt 0:00:52]} 34. Rh6+ {[%emt 0:00:09]} Qh7 {[%emt 0:00:06]} 35. Rxh7+ {[%emt 0:00:04]} Kxh7 {[%emt 0:00:03]} 36. Rf6 {[%emt 0:00:09]} Rxd4 {[%emt 0:00:12]} 37. Rh6# {[%emt 0:00:07]} 1-0